[Event "March Lviv Tradition IM"]
[Site "Lviv UKR"]
[Date "2018.03.24"]
[Round "5.3"]
[White "Krzywda, Andrzej"]
[Black "Zubova, Mariya"]
[Result "1/2-1/2"]
[BlackTitle "WFM"]
[WhiteElo "2174"]
[BlackElo "2129"]
[WhiteFideId "1114565"]
[BlackFideId "14118874"]
[EventDate "2018.03.22"]
[EventType "tourn"]

1. e4 e5 2. Nf3 Nc6 3. Bc4 Bc5 4. c3 Nf6 5. d3 a6 6. O-O d6 7. Nbd2 O-O 8. Bb3
h6 9. h3 Ba7 10. Re1 Re8 11. Nf1 Ne7 12. Ng3 Ng6 13. d4 Bd7 14. Bc2 Nf4 15. Be3
g5 16. Qd2 Qe7 17. Rad1 Qf8 18. h4 Qg7 19. hxg5 hxg5 20. dxe5 dxe5 21. Bxa7 Rxa7
22. Nxe5 Rxe5 23. Qd4 Ng4 24. Qxd7 Ne6 25. Nf5 Qf8 26. Qe7 Ra8 27. Qxf8+ Nxf8
28. Bb3 Ree8 29. f3 Ne5 30. Rd2 Nfg6 31. Red1 Ne7 32. Ne3 Kg7 33. Kf2 Rh8 34. a4
a5 35. Bc4 N7g6 36. Bf1 Rae8 37. Nd5 c6 38. Ne3 Nh4 39. Be2 Nhg6 40. Nf5+ Kf6
41. Ne3 Kg7 42. Bc4 g4 43. Nf5+ Kf8 44. Bf1 gxf3 45. gxf3 Nh4 46. Be2 Nxf5 47.
exf5 Rh5 48. Kg3 Rxf5 1/2-1/2

[Event "March Lviv Tradition IM"]
[Site "Lviv UKR"]
[Date "2018.03.24"]
[Round "5.4"]
[White "Shymanskyi, Oleksandr"]
[Black "Skliarov, Viktor"]
[Result "1/2-1/2"]
[WhiteTitle "FM"]
[BlackTitle "IM"]
[WhiteElo "2314"]
[BlackElo "2353"]
[WhiteFideId "14168880"]
[BlackFideId "14106736"]
[EventDate "2018.03.22"]
[EventType "tourn"]

1. c4 e5 2. Nc3 Nf6 3. g3 c6 4. Bg2 d5 5. cxd5 cxd5 6. Qb3 Nc6 7. Nxd5 Nd4 8.
Nxf6+ Qxf6 9. Qd1 Bf5 10. d3 Rc8 11. Rb1 Nc2+ 12. Kf1 Qa6 13. a3 Be7 14. Bd2 O-O
15. Rc1 Nd4 16. Nf3 Nxe2 17. Kxe2 Qxd3+ 18. Ke1 Rxc1 19. Bxc1 Qe4+ 20. Be3 Rd8
21. Qc1 Bg4 22. Nh4 Qd3 23. Bf3 Bxf3 24. Nxf3 Qe4 25. Ke2 Qd3+ 26. Ke1 Qe4 27.
Ke2 Qd3+ 28. Ke1 Qe4 29. Ke2 1/2-1/2

[Event "March Lviv Tradition IM"]
[Site "Lviv UKR"]
[Date "2018.03.24"]
[Round "5.5"]
[White "Pietruszewski, Marcin"]
[Black "Prydun, Andriy"]
[Result "0-1"]
[WhiteElo "2273"]
[BlackElo "2224"]
[WhiteFideId "1170295"]
[BlackFideId "14145898"]
[EventDate "2018.03.22"]
[EventType "tourn"]

1. e4 e6 2. d4 d5 3. Nc3 Bb4 4. e5 c5 5. Bd2 cxd4 6. Nb5 Bc5 7. Qg4 Kf8 8. b4
Bb6 9. Nxd4 Nc6 10. Nxc6 bxc6 11. Nf3 f5 12. Qg3 Ne7 13. h4 a5 14. c3 axb4 15.
cxb4 Ra3 16. Bc1 Ra4 17. a3 Qe8 18. Bd3 c5 19. bxc5 Bxc5 20. O-O Rg4 21. Qh3 Rg8
22. Rb1 Qh5 23. Bg5 h6 24. Bxe7+ Bxe7 25. Rfc1 Kf7 26. Rc7 g5 27. Kh1 Rf4 28.
Rb8 g4 29. Qh2 gxf3 30. g3 Rd4 31. Bc2 Rc4 32. Rxc4 dxc4 0-1

[Event "March Lviv Tradition IM"]
[Site "Lviv UKR"]
[Date "2018.03.25"]
[Round "6.1"]
[White "Shankovsky, Andriy"]
[Black "Prydun, Andriy"]
[Result "1-0"]
[WhiteTitle "FM"]
[WhiteElo "2315"]
[BlackElo "2224"]
[WhiteFideId "14121565"]
[BlackFideId "14145898"]
[EventDate "2018.03.22"]
[EventType "tourn"]

1. e4 e6 2. d4 d5 3. Nd2 c5 4. Ngf3 Nc6 5. exd5 exd5 6. Bb5 Nf6 7. O-O Be7 8.
Ne5 Bd7 9. Nxd7 Qxd7 10. dxc5 Bxc5 11. Re1+ Be7 12. Nf3 Kf8 13. Bf4 Bc5 14. Ne5
Qf5 15. Bg3 Bxf2+ 16. Bxf2 Nxe5 17. Bg3 Nc6 18. c4 h5 19. cxd5 Qxd5 20. Qxd5
Nxd5 21. Rad1 Rd8 22. Bc4 h4 23. Bf2 Rh5 24. Bc5+ Kg8 25. Rd2 b6 26. Ba3 Nf6 27.
Rxd8+ Nxd8 28. Re7 b5 29. Bb3 a5 30. Bd6 a4 31. Bc2 Rd5 32. Bb4 Ne6 33. Rb7 g6
34. Bc3 Nd7 35. Be4 Rd1+ 36. Kf2 Nec5 37. Bf3 Rd6 38. Rxb5 Nd3+ 39. Ke3 Nc1 40.
a3 Rd3+ 41. Kf4 Na2 42. Be1 Nc1 43. Bxh4 f6 44. Be1 Ne5 45. Ke4 g5 46. Bh5 Nc4
47. Bb4 Kg7 48. Rb7+ Kh8 49. Kf5 Ne3+ 50. Kg6 Rd8 51. Rh7+ Kg8 52. Be7 Nxg2 53.
Rg7+ Kh8 54. Bxd8 Nf4+ 55. Kh6 Nxh5 56. Rc7 1-0

[Event "March Lviv Tradition IM"]
[Site "Lviv UKR"]
[Date "2018.03.25"]
[Round "6.2"]
[White "Skliarov, Viktor"]
[Black "Pietruszewski, Marcin"]
[Result "1-0"]
[WhiteTitle "IM"]
[WhiteElo "2353"]
[BlackElo "2273"]
[WhiteFideId "14106736"]
[BlackFideId "1170295"]
[EventDate "2018.03.22"]
[EventType "tourn"]

1. e4 c6 2. d4 d5 3. e5 Bf5 4. Nf3 e6 5. Be2 c5 6. O-O Nc6 7. Be3 Qb6 8. Nc3
Qxb2 9. Qe1 cxd4 10. Bxd4 Nxd4 11. Nxd4 Bb4 12. Rb1 Bxc3 13. Rxb2 Bxe1 14. Rxe1
b6 15. Bb5+ Kf8 16. Nxf5 exf5 17. Rd1 Ne7 18. c4 dxc4 19. Rbd2 Ng6 20. f4 Nxf4
21. Bxc4 Ne6 22. Rd7 Rc8 23. Bxe6 fxe6 24. Rxa7 h5 25. Rdd7 Rh6 26. Rxg7 Rc1+
27. Kf2 Rc2+ 28. Kf3 Rxa2 29. Raf7+ Ke8 30. Rb7 Kf8 31. Kf4 h4 32. Kg5 Rh8 33.
Rg6 b5 34. Kf6 Ra8 35. h3 f4 36. Kxe6 Ra6+ 37. Kf5 Rh5+ 38. Rg5 Rxg5+ 39. Kxg5
Kg8 40. Rxb5 Ra2 41. e6 Rxg2+ 42. Kf6 f3 43. e7 Re2 44. Rg5+ Kh7 45. Kf7 Kh6 46.
Rf5 f2 47. e8=Q 1-0

[Event "March Lviv Tradition IM"]
[Site "Lviv UKR"]
[Date "2018.03.25"]
[Round "6.3"]
[White "Zubova, Mariya"]
[Black "Shymanskyi, Oleksandr"]
[Result "0-1"]
[WhiteTitle "WFM"]
[BlackTitle "FM"]
[WhiteElo "2129"]
[BlackElo "2314"]
[WhiteFideId "14118874"]
[BlackFideId "14168880"]
[EventDate "2018.03.22"]
[EventType "tourn"]

1. e4 d5 2. exd5 Nf6 3. Bb5+ Bd7 4. Bc4 Bg4 5. f3 Bc8 6. Nc3 Nbd7 7. Nge2 Nb6 8.
b3 Nfxd5 9. Nxd5 Nxd5 10. Bb2 e6 11. Ng3 Nf4 12. O-O Qg5 13. Kh1 Bd7 14. Re1
O-O-O 15. Bf1 Bc6 16. d4 h5 17. Qd2 Qh6 18. b4 h4 19. Ne4 f5 20. b5 Be8 21. Nf2
Bd6 22. Qe3 Qg6 23. c4 Rh5 24. c5 Bxb5 25. Ng4 Bxf1 26. Rxf1 h3 27. g3 fxg4 28.
cxd6 Ng2 29. Qc3 Rxd6 30. fxg4 Rh8 31. Qf3 Rb6 32. Ba3 Rd8 33. Be7 Rh8 34. Rac1
Qe8 35. Bc5 Rc6 36. Bxa7 Rxc1 37. Rxc1 Rf8 38. Qc3 Rf7 39. Bb6 Qb5 0-1

[Event "March Lviv Tradition IM"]
[Site "Lviv UKR"]
[Date "2018.03.25"]
[Round "6.4"]
[White "Lagashin, Pavel"]
[Black "Krzywda, Andrzej"]
[Result "1/2-1/2"]
[WhiteElo "2066"]
[BlackElo "2174"]
[WhiteFideId "24132144"]
[BlackFideId "1114565"]
[EventDate "2018.03.22"]
[EventType "tourn"]

1. d4 d5 2. c4 e6 3. Nf3 Nf6 4. g3 Bb4+ 5. Bd2 Be7 6. Bg2 O-O 7. O-O c6 8. Qc2
Nbd7 9. Rd1 b6 10. Bf4 a5 11. Ne5 Bb7 12. cxd5 cxd5 13. Nc6 Bxc6 14. Qxc6 Qc8
15. Qa4 Qa6 16. Nc3 Rfc8 17. Rac1 Rc4 18. Qb5 Qxb5 19. Nxb5 Rac8 20. Bf1 Rc2 21.
Rxc2 Rxc2 22. Bc1 Ne4 23. f3 Nd6 24. e3 Nxb5 25. Bxb5 Nf6 26. Bd3 Rc8 27. g4 Ne8
28. e4 dxe4 29. fxe4 a4 30. Bd2 Kf8 31. Kf2 f6 32. Rc1 Rxc1 33. Bxc1 Nd6 34. Bf4
g5 35. Bg3 Ke8 36. e5 fxe5 37. dxe5 Nf7 38. Bb5+ Kd8 39. Bxa4 Bc5+ 40. Kf3 Bd4
41. b4 Bc3 42. Ke4 Bxb4 43. Bf2 Ba5 44. Bd4 Ke7 45. Kd3 Kd8 46. h3 Kc7 47. Be8
Nd8 48. Bb2 Be1 49. Ba3 Nb7 50. Be7 Nc5+ 51. Kc4 Ne4 52. Kd4 Nf2 53. Bxg5 Nxh3
54. Bc1 Bg3 55. Ke4 Bh2 56. Be3 Ng1 57. Bf7 Kd7 58. Bxb6 Ne2 59. Ba5 Nc1 60. a4
Bg1 61. Bb4 Nb3 62. a5 Nc5+ 63. Kf3 Bd4 64. g5 Nd3 65. Ke4 Nxb4 66. Kxd4 Nc6+
67. Ke4 Nxa5 68. Bg8 Ke7 69. Bxh7 Kf7 70. Kf4 Nc6 71. Be4 Ne7 72. Ke3 Kg7 73.
Kd4 Ng6 74. Bf3 Nf4 75. Ke4 Nh3 76. Bg4 Nxg5+ 77. Kd4 Kf7 1/2-1/2

[Event "March Lviv Tradition IM"]
[Site "Lviv UKR"]
[Date "2018.03.25"]
[Round "6.5"]
[White "Anwesh, Upadhyaya"]
[Black "Bondarets, Vadim"]
[Result "1-0"]
[WhiteTitle "IM"]
[BlackTitle "IM"]
[WhiteElo "2367"]
[BlackElo "2257"]
[WhiteFideId "5028949"]
[BlackFideId "903540"]
[EventDate "2018.03.22"]
[EventType "tourn"]

1. Nf3 f5 2. g3 Nf6 3. Bg2 g6 4. O-O Bg7 5. d4 O-O 6. b3 c6 7. Bb2 d6 8. c4 Na6
9. Nc3 Nc7 10. Re1 Nh5 11. h3 f4 12. g4 Nf6 13. e4 fxe3 14. Rxe3 Ne6 15. Qe1 Nf4
16. Bf1 h5 17. g5 Nh7 18. h4 Bh3 19. Ne2 Qd7 20. Nxf4 Rxf4 21. Ne5 dxe5 22. Bxh3
Qc7 23. f3 Raf8 24. dxe5 Rxf3 25. Rxf3 Rxf3 26. Be6+ Kh8 27. Qe4 Qb6+ 28. Bd4
Qd8 29. Kg2 Rf8 30. Re1 Qa5 31. Re2 Rd8 32. Bf2 Nf8 33. Bf7 Kh7 34. e6 a6 35.
Qf3 Rd6 36. Bg3 Rd4 37. Be1 Qc7 38. Re4 Rxe4 39. Qxe4 Qd6 40. Bf2 Qd2 41. a4 Qd6
42. Qe2 Qf4 43. Qf3 Qe5 44. Bg3 Qb2+ 45. Kh3 Qc2 46. Bc7 Qb1 47. Bg3 Qc2 48. Bh2
Qb1 49. Bg3 Qc2 50. Bf2 Be5 51. Bg8+ Kxg8 52. Qf7+ Kh8 53. Qxf8+ Kh7 54. Qxe7+
Bg7 55. Qc5 Qe4 56. Qe3 Qf5+ 57. Kg2 Be5 58. e7 Qg4+ 59. Kh1 Qe6 60. e8=Q Qxe8
61. Bg3 Qf7 62. Bxe5 Qf1+ 63. Kh2 b5 1-0

[Event "March Lviv Tradition IM"]
[Site "Lviv UKR"]
[Date "2018.03.25"]
[Round "7.1"]
[White "Bondarets, Vadim"]
[Black "Shankovsky, Andriy"]
[Result "1/2-1/2"]
[WhiteTitle "IM"]
[BlackTitle "FM"]
[WhiteElo "2257"]
[BlackElo "2315"]
[WhiteFideId "903540"]
[BlackFideId "14121565"]
[EventDate "2018.03.22"]
[EventType "tourn"]

1. e4 c5 2. Nf3 d6 3. d4 cxd4 4. Nxd4 Nf6 5. Nc3 g6 6. Be2 Bg7 7. O-O O-O 8. Be3
Nc6 9. f4 Bd7 10. Nb3 Rc8 11. Bf3 a6 12. a4 Na5 13. Nxa5 Qxa5 14. Bd4 Bc6 15.
Nd5 Bxd5 16. exd5 Nd7 17. Bxg7 Kxg7 18. Qd4+ Nf6 19. c3 Qc5 20. Rad1 Rc7 21.
Qxc5 Rxc5 22. Rfe1 Re8 23. Rd4 h5 24. Kf2 a5 25. g3 Rc7 26. Re2 Rec8 27. Ke3
Ng4+ 28. Kd3 Nh6 29. Rde4 Nf5 30. Re1 Rc5 31. c4 1/2-1/2

[Event "March Lviv Tradition IM"]
[Site "Lviv UKR"]
[Date "2018.03.25"]
[Round "7.2"]
[White "Krzywda, Andrzej"]
[Black "Anwesh, Upadhyaya"]
[Result "1/2-1/2"]
[BlackTitle "IM"]
[WhiteElo "2174"]
[BlackElo "2367"]
[WhiteFideId "1114565"]
[BlackFideId "5028949"]
[EventDate "2018.03.22"]
[EventType "tourn"]

1. e4 e5 2. Nf3 Nc6 3. Bc4 Bc5 4. c3 Nf6 5. d3 O-O 6. O-O a6 7. Nbd2 b5 8. Bb3
d6 9. h3 h6 10. Re1 Re8 11. Nf1 Bb6 12. Ng3 Na5 13. Bc2 c5 14. Nh4 Nc6 15. Nhf5
Ne7 16. Qf3 Nxf5 17. Nxf5 Kh7 18. g4 Ng8 19. Kh2 g6 20. Ne3 Be6 21. a4 Qf6 22.
Qg3 Ne7 23. Ng2 g5 24. Ne3 Ng6 25. Nf5 Bxf5 26. exf5 Nf4 27. Qf3 Rad8 28. axb5
axb5 29. Bxf4 gxf4 30. Qc6 Rb8 1/2-1/2

[Event "March Lviv Tradition IM"]
[Site "Lviv UKR"]
[Date "2018.03.25"]
[Round "7.3"]
[White "Shymanskyi, Oleksandr"]
[Black "Lagashin, Pavel"]
[Result "0-1"]
[WhiteTitle "FM"]
[WhiteElo "2314"]
[BlackElo "2066"]
[WhiteFideId "14168880"]
[BlackFideId "24132144"]
[EventDate "2018.03.22"]
[EventType "tourn"]

1. b3 d5 2. Bb2 Bg4 3. g3 Nd7 4. Bg2 c6 5. h3 Bh5 6. Nf3 Ngf6 7. d3 e6 8. Nbd2
Bd6 9. e4 e5 10. O-O O-O 11. Qe1 Re8 12. Nh4 Qa5 13. a3 Rad8 14. b4 Qa4 15. Qc1
dxe4 16. dxe4 Nf8 17. f4 Be2 18. Rf2 Ba6 19. c4 Ng6 20. Nxg6 hxg6 21. Bf3 c5 22.
fxe5 Rxe5 23. b5 Bxb5 24. cxb5 Re7 25. e5 Bxe5 26. Bxe5 Rxe5 27. Qc4 Qa5 28. Nb3
Qc7 29. Rc1 Rg5 30. g4 Qg3+ 31. Bg2 Rd3 32. Nxc5 Re3 33. a4 Rge5 34. Nxb7 Re1+
35. Rxe1 Rxe1+ 36. Rf1 Ne4 37. Qd4 Re2 38. Nc5 0-1

[Event "March Lviv Tradition IM"]
[Site "Lviv UKR"]
[Date "2018.03.25"]
[Round "7.4"]
[White "Pietruszewski, Marcin"]
[Black "Zubova, Mariya"]
[Result "1/2-1/2"]
[BlackTitle "WFM"]
[WhiteElo "2273"]
[BlackElo "2129"]
[WhiteFideId "1170295"]
[BlackFideId "14118874"]
[EventDate "2018.03.22"]
[EventType "tourn"]

1. e4 e5 2. Nf3 Nc6 3. Bb5 g6 4. d4 exd4 5. Bg5 Be7 6. Bxe7 Qxe7 7. Bxc6 dxc6 8.
Qxd4 Nf6 9. Nc3 Bg4 10. Qe3 Bxf3 11. Qxf3 O-O-O 12. O-O Kb8 13. Rad1 a6 14. Qe3
h5 15. a3 Rhe8 16. Rxd8+ Rxd8 17. Re1 Ng4 18. Qe2 Qg5 19. Rd1 Rd6 20. g3 Rf6 21.
Rf1 Rd6 22. Rd1 Rf6 23. Rf1 Rd6 24. Rd1 Rf6 1/2-1/2

[Event "March Lviv Tradition IM"]
[Site "Lviv UKR"]
[Date "2018.03.25"]
[Round "7.5"]
[White "Prydun, Andriy"]
[Black "Skliarov, Viktor"]
[Result "1-0"]
[BlackTitle "IM"]
[WhiteElo "2224"]
[BlackElo "2353"]
[WhiteFideId "14145898"]
[BlackFideId "14106736"]
[EventDate "2018.03.22"]
[EventType "tourn"]

1. d4 Nf6 2. c4 e6 3. Nf3 c5 4. d5 exd5 5. cxd5 d6 6. Nc3 g6 7. e4 Bg7 8. Bb5+
Nbd7 9. Bf4 Qe7 10. O-O O-O 11. Re1 Nh5 12. Bg5 f6 13. Bh4 g5 14. e5 Nxe5 15.
Nxe5 fxe5 16. Qxh5 gxh4 17. Bd3 h6 18. Qg6 Rf6 19. Qh7+ Kf7 20. Ne4 Rf4 21. g3
Rf3 22. Re3 Rxe3 23. fxe3 Bh3 24. Nf2 e4 25. Bxe4 Bd7 26. Bg6+ Kf6 27. Rf1 Rh8
28. Nd3+ Kg5 29. gxh4+ Kxh4 30. Rf4+ Bg4 31. Nf2 1-0

[Event "March Lviv Tradition IM"]
[Site "Lviv UKR"]
[Date "2018.03.26"]
[Round "8.1"]
[White "Shankovsky, Andriy"]
[Black "Skliarov, Viktor"]
[Result "1/2-1/2"]
[WhiteTitle "FM"]
[BlackTitle "IM"]
[WhiteElo "2315"]
[BlackElo "2353"]
[WhiteFideId "14121565"]
[BlackFideId "14106736"]
[EventDate "2018.03.22"]
[EventType "tourn"]

1. e4 c5 2. Nf3 Nc6 3. d4 cxd4 4. Nxd4 Nf6 5. Nc3 e5 6. Ndb5 d6 7. Bg5 a6 8. Na3
b5 9. Nd5 Be7 10. Bxf6 Bxf6 11. Be2 Bg5 12. O-O O-O 13. c3 Ne7 14. Nc2 Nxd5 15.
Qxd5 Be6 16. Qd3 d5 17. Rfd1 dxe4 18. Qxe4 Qc7 19. Nb4 f5 20. Qc6 Qxc6 21. Nxc6
e4 22. Rd6 Rf6 23. Nd4 Bc8 24. Rd5 g6 25. a4 bxa4 26. Rxa4 Rb6 27. b3 Bf6 28. g3
Kf8 29. Rc4 Be6 30. Nxe6+ Rxe6 31. Rc7 Re7 32. Rxe7 Kxe7 33. Ra5 Bxc3 34. Rxa6
Rxa6 35. Bxa6 1/2-1/2

[Event "March Lviv Tradition IM"]
[Site "Lviv UKR"]
[Date "2018.03.26"]
[Round "8.2"]
[White "Zubova, Mariya"]
[Black "Prydun, Andriy"]
[Result "0-1"]
[WhiteTitle "WFM"]
[WhiteElo "2129"]
[BlackElo "2224"]
[WhiteFideId "14118874"]
[BlackFideId "14145898"]
[EventDate "2018.03.22"]
[EventType "tourn"]

1. e4 c5 2. c3 e6 3. d4 d5 4. exd5 exd5 5. Be3 cxd4 6. Bxd4 Nc6 7. Nf3 Nf6 8.
Be2 Nxd4 9. Nxd4 Bd6 10. O-O O-O 11. Nd2 Re8 12. Re1 Bd7 13. h3 Ne4 14. Nxe4
dxe4 15. Bg4 Re5 16. f4 Re8 17. f5 Qh4 18. Qe2 Qg3 19. Qe3 Qh2+ 20. Kf1 Re5 21.
Qg1 Qf4+ 22. Qf2 Qxf2+ 23. Kxf2 h5 24. Bxh5 Bxf5 25. Bd1 Bd7 26. Bb3 Kh8 27. g4
g6 28. Ke3 Kg7 29. Rf1 f6 30. Rad1 Bc5 31. Rf4 Rh8 32. Rh1 Rg5 33. Rff1 f5 34.
Kf4 Kf6 35. Bd1 Bd6+ 36. Ke3 Rh4 37. b4 Ke5 38. a4 a5 39. b5 Bc5 40. Be2 Be6 41.
Bd1 Bc4 42. Rf4 Bd3 43. Rh2 Be7 44. Rff2 Bc4 45. Rf4 Rgxg4 46. Rxg4 fxg4 47.
Bxg4 Bg5+ 48. Kf2 Bd2 49. Kg3 Be1+ 50. Kg2 Bxc3 51. Nc2 Kf4 52. Rh1 e3 0-1

[Event "March Lviv Tradition IM"]
[Site "Lviv UKR"]
[Date "2018.03.26"]
[Round "8.3"]
[White "Lagashin, Pavel"]
[Black "Pietruszewski, Marcin"]
[Result "1-0"]
[WhiteElo "2066"]
[BlackElo "2273"]
[WhiteFideId "24132144"]
[BlackFideId "1170295"]
[EventDate "2018.03.22"]
[EventType "tourn"]

1. d4 d5 2. c4 c6 3. Nf3 Nf6 4. Nc3 a6 5. c5 g6 6. Bf4 Nh5 7. Bd2 Bg7 8. h3 Qc7
9. e4 dxe4 10. Nxe4 O-O 11. Qc1 Be6 12. Nc3 Re8 13. Be2 Nd7 14. O-O Rad8 15. Ng5
Nf8 16. Bxh5 gxh5 17. Bf4 Qc8 18. Nf3 Ng6 19. Be3 Bc4 20. Re1 Qf5 21. Ne2 Bd5
22. Ng3 Qc8 23. Ne5 h4 24. Nh5 Bh8 25. Qc2 Nxe5 26. dxe5 Bxe5 27. Bg5 f6 28.
Bxh4 Bf7 29. Ng3 Bg6 30. Qb3+ Kg7 31. Rxe5 fxe5 32. Re1 Rd5 33. Qc3 Qe6 34. Nf1
Kg8 35. Bg3 e4 36. Ne3 Rd3 37. Qb4 Qd7 38. Qc4+ Bf7 39. Qxe4 Qd4 40. Qf5 e6 41.
Qg5+ Qg7 42. Qh4 Red8 43. Ng4 Rd1 44. Kh2 h5 45. Nf6+ Kf8 46. Rxd1 Rxd1 47. Bd6+
Rxd6 48. cxd6 Be8 49. Qf4 1-0

[Event "March Lviv Tradition IM"]
[Site "Lviv UKR"]
[Date "2018.03.26"]
[Round "8.4"]
[White "Anwesh, Upadhyaya"]
[Black "Shymanskyi, Oleksandr"]
[Result "1/2-1/2"]
[WhiteTitle "IM"]
[BlackTitle "FM"]
[WhiteElo "2367"]
[BlackElo "2314"]
[WhiteFideId "5028949"]
[BlackFideId "14168880"]
[EventDate "2018.03.22"]
[EventType "tourn"]

1. Nf3 Nf6 2. d4 e6 3. g3 b6 4. Bg2 Bb7 5. O-O Be7 6. c4 O-O 7. d5 exd5 8. Nh4
Ne4 9. cxd5 Bxh4 10. Bxe4 Bf6 11. Bg2 d6 12. Nd2 Nd7 13. Ne4 Be7 14. Qc2 Bxd5
15. Ng5 Bxg5 16. Bxd5 Rb8 17. Bxg5 Qxg5 18. Qxc7 Qxd5 19. Qxd7 Rb7 20. Qg4 Rc7
21. Rfd1 Qe5 22. Rd2 h5 23. Qf3 Rfc8 24. Rad1 g6 25. Kg2 Kg7 26. b3 Rc2 27. Qd3
Rxd2 28. Rxd2 Rc6 29. e3 Kf8 30. Rc2 Rc5 31. Rd2 Rc6 1/2-1/2

[Event "March Lviv Tradition IM"]
[Site "Lviv UKR"]
[Date "2018.03.26"]
[Round "8.5"]
[White "Bondarets, Vadim"]
[Black "Krzywda, Andrzej"]
[Result "1-0"]
[WhiteTitle "IM"]
[WhiteElo "2257"]
[BlackElo "2174"]
[WhiteFideId "903540"]
[BlackFideId "1114565"]
[EventDate "2018.03.22"]
[EventType "tourn"]

1. c4 Nf6 2. Nf3 c5 3. Nc3 e6 4. e4 d6 5. d4 cxd4 6. Nxd4 a6 7. Be2 Nbd7 8. O-O
b6 9. f3 Bb7 10. Nc2 Qc7 11. Ne3 Be7 12. Kh1 Rc8 13. Qe1 h5 14. Bd2 h4 15. Rc1
Qb8 16. b3 g5 17. Bd3 Ne5 18. Qe2 Nh5 19. Ned1 Ng3+ 20. hxg3 hxg3+ 21. Kg1 Kd7
22. Nf2 Rh2 23. Nh3 Rh8 24. Be1 R8xh3 25. Bxg3 d5 26. gxh3 Rxe2 27. Bxe2 Bd6 28.
cxd5 Nxf3+ 29. Rxf3 Bxg3 30. Rxf7+ Kd6 31. dxe6 Qh8 32. Kg2 Bf4 33. Rd1+ Kc5 34.
Na4+ Kb4 35. Rxb7 Qh4 36. Rxb6+ Ka3 37. Rd3 Qe1 38. b4+ Kxa2 39. Nc3+ Kb2 40.
Rxa6 g4 41. Bxg4 Bh2 42. Ra2+ Kb3 43. Kxh2 Qh4 44. Rad2 Kc4 45. Nd5 Kb5 46. e7
Kc4 47. Rc3+ 1-0

[Event "March Lviv Tradition IM"]
[Site "Lviv UKR"]
[Date "2018.03.27"]
[Round "9.1"]
[White "Krzywda, Andrzej"]
[Black "Shankovsky, Andriy"]
[Result "1/2-1/2"]
[BlackTitle "FM"]
[WhiteElo "2174"]
[BlackElo "2315"]
[WhiteFideId "1114565"]
[BlackFideId "14121565"]
[EventDate "2018.03.22"]
[EventType "tourn"]

1. d4 d5 2. Nf3 Nf6 3. Bf4 e6 4. e3 Bd6 5. Bg3 O-O 6. Bd3 b6 7. Qe2 c5 8. c3 Nc6
9. Nbd2 cxd4 10. exd4 Qe7 11. O-O Bxg3 12. hxg3 Bb7 13. Rfe1 Nd7 14. Rad1 Rae8
15. Bb5 Qd6 16. Bxc6 Bxc6 17. Ne5 Nxe5 18. Qxe5 Qxe5 19. Rxe5 Bb5 20. Rde1 Bd3
21. R5e3 Bc2 22. Nf3 h6 23. Nd2 Rc8 24. f3 Rc7 25. Kf2 Rb8 26. Nb3 Bxb3 27. axb3
a5 28. Rc1 Ra7 29. Ree1 b5 30. Ke3 Kf8 31. Kd3 Ke7 32. Re2 1/2-1/2

[Event "March Lviv Tradition IM"]
[Site "Lviv UKR"]
[Date "2018.03.27"]
[Round "9.2"]
[White "Shymanskyi, Oleksandr"]
[Black "Bondarets, Vadim"]
[Result "1/2-1/2"]
[WhiteTitle "FM"]
[BlackTitle "IM"]
[WhiteElo "2314"]
[BlackElo "2257"]
[WhiteFideId "14168880"]
[BlackFideId "903540"]
[EventDate "2018.03.22"]
[EventType "tourn"]

1. d4 d5 2. Nf3 Nf6 3. Bf4 c5 4. c3 Qb6 5. Qb3 Nc6 6. e3 c4 7. Qc2 Bf5 8. Qc1 h6
9. h3 e6 10. Nbd2 Be7 11. Be2 O-O 12. O-O Rfc8 13. Ne5 Nxe5 14. Bxe5 Qc6 15. Bf3
Bd3 16. Re1 b5 17. a3 Ne4 18. Qd1 a5 19. Be2 Bxe2 20. Qxe2 Nxd2 21. Qxd2 Bf8 22.
f3 Qb7 23. e4 b4 24. a4 Qd7 25. g4 f6 26. Bg3 g6 27. Qh2 Ra7 28. h4 h5 29. Kh1
Rb7 30. Rg1 Kh7 1/2-1/2

[Event "March Lviv Tradition IM"]
[Site "Lviv UKR"]
[Date "2018.03.27"]
[Round "9.3"]
[White "Pietruszewski, Marcin"]
[Black "Anwesh, Upadhyaya"]
[Result "1/2-1/2"]
[BlackTitle "IM"]
[WhiteElo "2273"]
[BlackElo "2367"]
[WhiteFideId "1170295"]
[BlackFideId "5028949"]
[EventDate "2018.03.22"]
[EventType "tourn"]

1. e4 e5 2. Nf3 Nf6 3. Nxe5 d6 4. Nf3 Nxe4 5. Nc3 Nxc3 6. dxc3 Nc6 7. Bf4 Be7 8.
Qd2 Be6 9. Nd4 Nxd4 10. cxd4 d5 11. Bd3 Qd7 12. c3 O-O 13. O-O c6 14. Rfe1 Rfe8
15. Re2 Bd6 16. Bxd6 Qxd6 17. Rae1 Bd7 18. Rxe8+ Rxe8 19. Rxe8+ Bxe8 20. Qe3 Bd7
21. g3 h6 22. Kg2 Be6 23. f4 Bd7 24. Qe5 Qxe5 25. fxe5 g5 26. Kf3 f6 27. exf6
Kf7 28. h4 Kxf6 29. a3 Be6 30. Bc2 Bd7 31. Bd3 Be6 32. Bc2 Bd7 33. Bb1 Be8 1/2-1/2

[Event "March Lviv Tradition IM"]
[Site "Lviv UKR"]
[Date "2018.03.27"]
[Round "9.4"]
[White "Prydun, Andriy"]
[Black "Lagashin, Pavel"]
[Result "0-1"]
[WhiteElo "2224"]
[BlackElo "2066"]
[WhiteFideId "14145898"]
[BlackFideId "24132144"]
[EventDate "2018.03.22"]
[EventType "tourn"]

1. Nf3 Nf6 2. c4 e6 3. d4 d5 4. g3 dxc4 5. Bg2 Bb4+ 6. Bd2 a5 7. O-O O-O 8. Na3
Bxa3 9. bxa3 b5 10. Qb1 Ba6 11. e4 Nc6 12. e5 Nd5 13. Ng5 g6 14. Qe4 c3 15. Qh4
h5 16. g4 cxd2 17. gxh5 Qe7 18. f4 Nxd4 19. f5 Nxf5 20. Rxf5 gxf5 21. Kh1 Kh8
22. Bxd5 exd5 23. Qf4 f6 24. Ne6 fxe5 25. Qh6+ Qh7 26. Qe3 Rf6 27. Qxe5 Qe7 0-1

[Event "March Lviv Tradition IM"]
[Site "Lviv UKR"]
[Date "2018.03.27"]
[Round "9.5"]
[White "Skliarov, Viktor"]
[Black "Zubova, Mariya"]
[Result "1-0"]
[WhiteTitle "IM"]
[BlackTitle "WFM"]
[WhiteElo "2353"]
[BlackElo "2129"]
[WhiteFideId "14106736"]
[BlackFideId "14118874"]
[EventDate "2018.03.22"]
[EventType "tourn"]

1. e4 e5 2. Nf3 Nc6 3. Bb5 a6 4. Bxc6 dxc6 5. O-O Bg4 6. d3 Bc5 7. h3 Bxf3 8.
Qxf3 Qf6 9. Qg3 h6 10. Nd2 Ne7 11. Nc4 Ng6 12. b4 Bd4 13. Rb1 O-O 14. Na5 Nf4
15. Qf3 b5 16. Nb3 Bb6 17. c4 bxc4 18. dxc4 c5 19. bxc5 Ba7 20. Rd1 Rfd8 21.
Bxf4 exf4 22. Rd5 c6 23. Rf5 Qe6 24. Rxf4 Qxc4 25. Rc1 Qe6 26. Qg4 Qxg4 27. Rxg4
Rd3 28. Rg3 Rxg3 29. fxg3 Re8 30. Rc4 Re5 31. g4 g6 32. Kf1 Kg7 33. Ke2 f5 34.
gxf5 gxf5 35. Kd3 Kf6 36. exf5 Rxf5 37. Ra4 Bxc5 38. Rxa6 1-0